• AIU
  • Tony Wilmot Memorial Library

Aggregation : (Record no. 65015)

MARC details
000 -LEADER
fixed length control field 01056pam a2200277 a 4500
001 - CONTROL NUMBER
control field 1088141
003 - CONTROL NUMBER IDENTIFIER
control field OSt
005 - DATE AND TIME OF LATEST TRANSACTION
control field 20180320120526.0
008 - FIXED-LENGTH DATA ELEMENTS--GENERAL INFORMATION
fixed length control field 920624s1993 maua b 001 0 eng
010 ## - LIBRARY OF CONGRESS CONTROL NUMBER
LC control number 92025515
020 ## - INTERNATIONAL STANDARD BOOK NUMBER
International Standard Book Number 026206152X
040 ## - CATALOGING SOURCE
Original cataloging agency DLC
Transcribing agency DLC
Modifying agency DLC
050 00 - LIBRARY OF CONGRESS CALL NUMBER
Classification number HB171
Item number .F54 1993
082 00 - DEWEY DECIMAL CLASSIFICATION NUMBER
Classification number 338.5
Edition number 20
100 1# - MAIN ENTRY--PERSONAL NAME
Personal name Fisher, Franklin M.
9 (RLIN) 44944
245 10 - TITLE STATEMENT
Title Aggregation :
Remainder of title aggregate production functions and related topics /
Statement of responsibility, etc collected papers of Franklin M. Fisher ; edited by John Monz.
250 ## - EDITION STATEMENT
Edition statement 1st MIT Press ed.
260 ## - PUBLICATION, DISTRIBUTION, ETC. (IMPRINT)
Place of publication, distribution, etc Cambridge, Mass. :
Name of publisher, distributor, etc MIT Press,
Date of publication, distribution, etc 1993.
300 ## - PHYSICAL DESCRIPTION
Extent xxiv, 280 p. :
Other physical details ill. ;
Dimensions 24 cm.
504 ## - BIBLIOGRAPHY, ETC. NOTE
Bibliography, etc Includes bibliographical references and index.
650 #0 - SUBJECT ADDED ENTRY--TOPICAL TERM
Topical term or geographic name as entry element Economics.
9 (RLIN) 44945
650 #0 - SUBJECT ADDED ENTRY--TOPICAL TERM
Topical term or geographic name as entry element Production functions (Economic theory)
9 (RLIN) 44946
700 1# - ADDED ENTRY--PERSONAL NAME
Personal name Monz, John.
9 (RLIN) 44947
906 ## - LOCAL DATA ELEMENT F, LDF (RLIN)
a 7
b cbc
c orignew
d 1
e ocip
f 19
g y-gencatlg
942 ## - ADDED ENTRY ELEMENTS (KOHA)
Source of classification or shelving scheme Library of Congress Classification
Koha item type Books
Holdings
Withdrawn status Lost status Source of classification or shelving scheme Damaged status Not for loan Collection code Home library Current library Shelving location Date acquired Source of acquisition Cost, normal purchase price Total Checkouts Full call number Barcode Date last seen Copy number Price effective from Koha item type
    Library of Congress Classification     General Circulation AIU/NEGST - Tony Wilmot Memorial Library AIU/NEGST - Tony Wilmot Memorial Library General Stacks 03/20/2018 donation 40.00   HB 171.F54 1993 R06357A3232 09/02/2019 1 03/20/2018 Books